000 00745nam a2200229Ia 4500
003 GCL
008 140319s9999 xx 000 0 ara d
040 _aGCL /
_cGCL
082 0 4 _a949.71
_bل ح
100 1 _aلوران، اريك
245 1 0 _aحرب كوسوفو :
_bالملف السرى /
_cلوران، اريك
250 _aالاولى
260 _aبيروت :
_bعويدات للنشر والطباعة ،
_c1999
300 _a155 ص ؛
_c24 سم
650 0 4 _aالبوسنة والهرسك
650 0 4 _aجرائم الحرب
650 0 4 _aجرائم ضد الانسانية
650 0 4 _aابادة الشعوب
650 0 4 _aجرائم ضد السلام
650 0 4 _aيوغسلافيا - تاريخ
942 _2ddc
_cBK
999 _c8419
_d8419